| 000 | 02446nam a2200325Ia 4500 | ||
|---|---|---|---|
| 999 |
_c40661 _d40661 |
||
| 001 | 7289 | ||
| 003 | GE_BSU | ||
| 005 | 20231121140639.0 | ||
| 008 | 181216s2013||||ge |||||||||||||| ||geo|| | ||
| 020 | _a9789941917493 | ||
| 040 | _cGE_BSU | ||
| 041 | _ageo | ||
| 080 | _a32(73) ა-57 | ||
| 245 |
_aამერიკელ განმანათლებელთა პოლიტიკური ესეები = POLITICAL ESSAYS OF AMERICAN ENLIGHTENERS / _cბანჯამინ ფრანკლინი, ჯონ ადამსი, თომას ჯეფერსონი, ჯეიმს უილსონი, ბენჯამინ რაში ; ინგლ. თარგმნა გიორგი ხოროშვილმა ; სამეც. რედაქტორები : თენგიზ ირემაძე, ლალი ზაქარაძე, გიორგი თავაძე. |
||
| 264 |
_aთბილისი : _bგრიგოლ რობაქიძის სახ. უნ-ტის გამ-ბა, _c2013. |
||
| 300 |
_a178 გვ. ; _c20 სმ. |
||
| 653 | _aამერიკელ განმანათლებელთა პოლიტიკური ესეები | ||
| 700 |
_aფრანკლინი, ბანჯამინ _eავტორი _920445 |
||
| 700 |
_aადამსი, ჯონ _eავტორი _920446 |
||
| 700 |
_aჯეფერსონი, თომას _eავტორი _920447 |
||
| 700 |
_aუილსონი, ჯეიმს _eავტორი _920448 |
||
| 700 |
_aრაში, ბენჯამინ _eავტორი _920449 |
||
| 700 |
_aხოროშვილი, გიორგი _eმთარგმნელი _920450 |
||
| 700 |
_aირემაძე, თენგიზ _eსამეც. რედაქტორი _92229 |
||
| 700 |
_aზაქარაძე, ლალი _eსამეც. რედაქტორი _920451 |
||
| 700 |
_aთავაძე, გიორგი _eსამ.რედაქტორი _92230 |
||
| 710 |
_aგრიგოლ რობაქიძის სახელობის უნივერსიტეტი _920452 |
||
| 710 |
_aფილოსოფიისა და სოციალურ მეცნიერებათა კვლევითი ინსტიტუტიტი. _920453 |
||
| 942 |
_cBK _2udc |
||